| 000 | 00520nam a22001817a 4500 | ||
|---|---|---|---|
| 005 | 20230403150418.0 | ||
| 008 | 230331b |||||||| |||| 00| 0 eng d | ||
| 020 | _a978-1-5581-498-4 | ||
| 041 | _aeng | ||
| 082 | _a660.6 GIL | ||
| 100 |
_aGLICK , BERNARD R., PASTERANAK, JACK J. PATTEN , CHERLY.L _97692 |
||
| 245 | _aMOLECULER BIOTECHNOLOGY PRINCIPLES AND APPLICATIONS OF RECOMBINANT DNA | ||
| 250 | _a4th ed. | ||
| 260 | _bASM PRESS | ||
| 300 | _a1000;P. | ||
| 650 |
_aPHARMACY _xB.PHARMA _97693 |
||
| 942 | _cBK | ||
| 999 |
_c8263 _d8261 |
||